| 000 | 00656nam a22002177a 4500 | ||
|---|---|---|---|
| 999 |
_c6900 _d6900 |
||
| 001 | 19665 | ||
| 003 | BD-DhUAP | ||
| 005 | 20210110114207.0 | ||
| 008 | 210110r20142016ii a|||| |||| 001 0 eng d | ||
| 020 | _a9788126550807 | ||
| 040 |
_aBD-DhUAP _bEng _cBD-DhUAP _dBD-DhUAP |
||
| 082 |
_223 _a658.404 PRO |
||
| 245 |
_aProject management : _bcore text book / _cSamuel J. Mantel ... [et al.]. |
||
| 250 | _a2nd Indian ed. | ||
| 260 |
_aNew Delhi : _bWiley, _cc2014 [Reprinted 2016]. |
||
| 300 |
_axviii, 346 pages : _billustrations ; _c25 cm. |
||
| 500 | _aIncludes index. | ||
| 650 | _aMicrosoft Project. | ||
| 650 | _aProject management. | ||
| 942 |
_2ddc _cBK |
||